[Event "Top 12 FRA-chT 2017"]
[Site "Chartres"]
[Date "2017.05.27"]
[Round "10"]
[White "Maze, Sebastien"]
[Black "Lagarde, Maxime"]
[Result "1/2-1/2"]
[WhiteElo "2619"]
[BlackElo "2601"]
[Annotator "TA"]
[PlyCount "79"]
[EventDate "2017.??.??"]
[EventType "team-tourn"]
[EventCountry "FRA"]
[SourceTitle "playchess.com"]
[Source "ChessBase"]
[SourceQuality "1"]
[WhiteTeam "Bischwiller"]
[BlackTeam "Nice Alekhine"]

{[%evp 9,79,-23,45,46,50,56,48,53,52,42,51,41,64,57,62,43,48,42,189,196,193,198,156,24,101,126,80,56,57,59,213,207,150,77,64,64,70,66,75,70,75,70,57,69,59,33,46,43,34,46,85,87,88,61,55,51,42,42,43,42,65,62,90,90,90,90,96,29,29,42,41,24]} 1. d4 Nf6 2. Bf4 c5 3. d5 d6 4. Nc3 e5 (4... a6 5. a4 e5 6. dxe6 Bxe6 7. e4 Qb6 8. Nge2 Nc6 9. g3 Nd4 10. Bg2 Qxb2 {0-1 (43) Alekseev,E (2610)-Nepomniachtchi,I (2751) Sochi 2017}) 5. Bd2 g6 $146 (5... e4 $11) ({Predecessor:} 5... Be7 6. e4 O-O 7. a4 Ne8 8. Be2 Bg5 9. Nf3 Bxd2+ 10. Nxd2 f5 11. exf5 Bxf5 {1-0 (68) Martinovic,S (2560)-Tomazini,A (2365) Split 2016}) 6. e4 $14 {A45: Trompowsky Attack} Bg7 7. a4 Na6 8. h4 Nc7 9. Be2 h5 10. Nf3 {[%cal Bg1f3,Bf3g5,Bg5e6][%mdl 32]} Ng4 11. Nb5 O-O 12. Nxc7 Qxc7 13. Ng5 f6 (13... Nf6 $14) 14. Ne6 $18 Bxe6 15. dxe6 f5 16. Bc4 (16. exf5 $16 gxf5 17. Bg5) 16... Kh8 {[#]} (16... Kh7 $11 {remains equal.}) 17. f3 $1 $16 {[%cal Rf3g4]} Nf6 18. Qe2 fxe4 19. fxe4 Qc6 $2 {[#]} (19... Ng4 $14) 20. Bg5 $1 $18 Qxe4 21. O-O-O (21. e7 $142 Rfe8 22. Rd1 Qxe2+ 23. Kxe2) 21... Qxe2 $16 22. Bxe2 {Strongly threatening e7.} d5 23. e7 Rfe8 24. Rhf1 Ne4 25. Rxd5 {aiming for Bb5.} Nxg5 26. hxg5 {And now Rd7 would win.} Rxe7 27. Rd6 Rf8 28. Rxf8+ Bxf8 29. Rxg6 $14 {[%mdl 4096] Endgame KRB-KRB} Rg7 30. Rh6+ Rh7 31. Re6 Re7 32. Rf6 Bg7 33. Rf5 ({Not} 33. Bxh5 $2 Bxf6 34. gxf6 Re6 $19) 33... h4 34. c3 Kh7 35. Bh5 Kg8 36. Kd2 e4 37. Rxc5 Be5 38. Bg6 (38. Ke3 $16) 38... Bf4+ $11 39. Ke2 Kg7 40. Bf5 {Precision: White = 62%, Black = 52%.} 1/2-1/2

[Event "Top 12 FRA-chT 2017"]
[Site "Chartres"]
[Date "2017.05.27"]
[Round "10"]
[White "Stevic, Hrvoje"]
[Black "Naiditsch, Arkadij"]
[Result "1/2-1/2"]
[WhiteElo "2600"]
[BlackElo "2700"]
[Annotator "TA"]
[PlyCount "39"]
[EventDate "2017.??.??"]
[EventType "team-tourn"]
[EventCountry "FRA"]
[SourceTitle "playchess.com"]
[Source "ChessBase"]
[SourceQuality "1"]
[WhiteTeam "Nice Alekhine"]
[BlackTeam "Bischwiller"]

{[%evp 27,39,0,1,0,10,14,20,15,18,0,0,0,11,0]} 1. e4 e5 2. Nf3 Nc6 3. d4 exd4 4. Nxd4 Nf6 {[%cal Bg8f6,Bf6d5,Bd5b6][%mdl 32]} 5. Nxc6 bxc6 6. e5 Qe7 7. Qe2 Nd5 8. c4 Nb6 9. Nc3 Qe6 10. Qe4 g6 {C45: Scotch Game} 11. Bd3 (11. Bd2 Bg7 12. c5 Nd5 13. Bc4 Qxe5 14. Qxe5+ Bxe5 15. Bxd5 cxd5 16. O-O-O O-O 17. Nxd5 Rb8 18. Bc3 Bxc3 19. Nxc3 {1-0 (49) Yu,Y (2729)-Dominguez Perez,L (2739) Doha 2016}) 11... Bg7 12. f4 O-O 13. O-O d6 14. Qxc6 dxe5 {LiveBook: 5 Games. The position is equal.} 15. Qxc7 f5 16. c5 $1 {[%cal Rc5b6] [#]} Rf7 $146 17. Qd8+ Rf8 18. Qc7 Rf7 19. Qd8+ Rf8 20. Qc7 1/2-1/2

[Event "Top 12 FRA-chT 2017"]
[Site "Chartres"]
[Date "2017.05.27"]
[Round "10"]
[White "Istratescu, Andrei"]
[Black "Stephan, Victor"]
[Result "1-0"]
[WhiteElo "2596"]
[BlackElo "2365"]
[Annotator "TA"]
[PlyCount "71"]
[EventDate "2017.??.??"]
[EventType "team-tourn"]
[EventCountry "FRA"]
[SourceTitle "playchess.com"]
[Source "ChessBase"]
[SourceQuality "1"]
[WhiteTeam "Mulhouse Philidor"]
[BlackTeam "Lisieux"]

{[%evp 23,71,28,42,22,23,-20,70,60,64,71,62,74,75,58,137,135,135,116,209,193,206,214,203,200,237,229,214,224,230,228,451,456,436,404,635,618,594,561,752,704,29985,1575,29991,29992,29992,29992,29992,29993,29993,29994]} 1. d4 Nf6 2. c4 c5 3. d5 e6 4. Nc3 exd5 5. cxd5 d6 6. e4 g6 7. Nf3 Bg7 8. Nd2 Nbd7 {[%cal Bb8d7,Bd7e5,Be5g6,Bg6f4][%mdl 32]} 9. Be2 O-O 10. O-O Re8 11. Qc2 a6 12. a4 Rb8 13. Re1 {A77: Modern Benoni: Classical: 9...Re8 10 Nd2: 10...a6 and 10...Nbd7} (13. a5 Qc7 14. h3 b5 15. axb6 Nxb6 16. Re1 Nfd7 17. Nb3 Ne5 18. f4 c4 19. Na5 Qc5+ 20. Kf1 Nd3 21. Bxd3 cxd3 22. Qxd3 {1-0 (57) Van Wely,L (2653)-Giri,A (2642) Eindhoven 2010}) 13... Ne5 14. Ra3 g5 (14... Nfg4 $11) 15. a5 {White is slightly better.} h6 16. Nd1 Ng6 17. Ne3 {[#]} Nf4 $146 ({Predecessor:} 17... Qe7 18. f3 g4 19. fxg4 Nxe4 20. Nxe4 Qxe4 21. Bd3 Qe7 22. Bxg6 fxg6 23. Qxg6 {½-½ (97) Klimov,A (2423)-Rychagov,A (2549) Novokuznetsk 2008}) 18. Bf1 Ng4 {[#]} (18... Ng6 $14) 19. Ndc4 $1 $16 Nxe3 20. Bxe3 Qe7 (20... Ng6 $16) 21. Bxf4 $18 gxf4 22. Qc1 Be5 23. g3 fxg3 24. Nxe5 ({Resist} 24. hxg3 $6 Kg7 $16) 24... gxf2+ 25. Kxf2 Qxe5 26. Qxh6 $40 {[%mdl 128] [#] Threatens to win with Rg3+. White is out for blood.} Bg4 $2 (26... Qxb2+ 27. Be2 Rxe4) 27. Rg3 f5 28. h3 Qxb2+ (28... Re7 $142 29. hxg4 fxe4 30. Qg6+ Rg7 31. Qxe4 Qxb2+ 32. Kg1 Qf6) 29. Re2 Qd4+ 30. Kg2 {Black must now prevent exf5.} Rxe4 31. hxg4 Rxg4 32. Rxg4+ (32. Re7 $142 Qb2+ 33. Be2 Rxg3+ 34. Kxg3 Qe5+ 35. Rxe5 f4+ 36. Kf2 dxe5 37. d6) 32... fxg4 33. Re7 {White mates.} Qxd5+ 34. Kg1 {[%csl Ge7][%cal Rh6g7]} Qd4+ 35. Kh1 Qd5+ 36. Bg2 {Precision: White = 73%, Black = 30%.} 1-0

[Event "Top 12 FRA-chT 2017"]
[Site "Chartres"]
[Date "2017.05.27"]
[Round "10"]
[White "Cornette, Matthieu"]
[Black "Shchekachev, Andrei"]
[Result "1-0"]
[WhiteElo "2593"]
[BlackElo "2538"]
[Annotator "TA"]
[PlyCount "57"]
[EventDate "2017.??.??"]
[EventType "team-tourn"]
[EventCountry "FRA"]
[SourceTitle "playchess.com"]
[Source "ChessBase"]
[SourceQuality "1"]
[WhiteTeam "Bois-Colombes"]
[BlackTeam "Tremblay-En-France"]

{[%evp 12,57,59,54,47,42,32,37,53,49,61,42,55,45,53,50,51,52,23,26,51,39,52,47,66,63,98,76,184,164,172,179,250,181,185,179,349,248,567,567,565,565,565,564,562,560,1054,1054]} 1. e4 g6 2. d4 Bg7 3. Nc3 d6 4. f4 a6 5. Nf3 {[%cal Bg1f3,Bf3d4,Bd4c6][%mdl 32]} b5 6. Bd3 Nd7 7. e5 c5 {B06: Modern Defence} 8. Be4 Rb8 9. O-O (9. Be3 cxd4 10. Bxd4 dxe5 11. fxe5 e6 12. O-O Ne7 13. Qe1 O-O 14. a4 b4 15. Ne2 {0-1 (49) Anand,V (2793)-Caruana,F (2829) London 2014}) 9... cxd4 {White is slightly better.} 10. Nxd4 {aiming for Nc6.} dxe5 11. Nc6 Qb6+ 12. Kh1 {And now fxe5 would win.} Ngf6 13. Nxb8 Qxb8 14. fxe5 Nxe5 {White should prevent ...b4.} 15. Bf4 $36 {[%mdl 2048] White fights for an advantage.} Nxe4 16. Nxe4 O-O $146 17. Qd4 Bf5 18. Ng3 Rd8 19. Qc5 Qc8 (19... Be6 $16) 20. Qxe7 $18 Be6 21. Ne4 Nd7 (21... Nc6 $142 22. Qh4 Rd5) 22. Rad1 {[#] Black must now prevent Nd6.} Qa8 23. Qh4 Bf5 $2 (23... h5 {keeps fighting.} 24. Nc5 Bg4) 24. Ng5 h6 $2 {[#]} (24... Nf8 {is tougher.} 25. Nxh7 Re8) 25. Nxf7 $1 {[%mdl 512] White is clearly winning.} Kxf7 26. Bc7 Bf6 27. Rxf5 gxf5 28. Qh5+ Ke7 {...Rg8 would now be nice for Black.} 29. Qxf5 {Precision: White = 100%, Black = 38%.} 1-0

[Event "Top 12 FRA-chT 2017"]
[Site "Chartres"]
[Date "2017.05.27"]
[Round "10"]
[White "Degraeve, Jean-Marc"]
[Black "Hamitevici, Vladimir"]
[Result "1/2-1/2"]
[WhiteElo "2592"]
[BlackElo "2487"]
[Annotator "TA"]
[PlyCount "168"]
[EventDate "2017.??.??"]
[EventType "team-tourn"]
[EventCountry "FRA"]
[SourceTitle "playchess.com"]
[Source "ChessBase"]
[SourceQuality "1"]
[WhiteTeam "Saint Quentin"]
[BlackTeam "Vandoeuvre"]

{[%evp 11,168,39,35,31,30,28,43,0,0,0,0,-10,-4,-11,-11,-16,-6,-16,0,-32,-30,-17,10,6,11,14,29,0,-9,-10,18,0,29,16,74,77,87,83,99,86,87,75,84,68,89,68,110,69,107,0,0,0,29,0,12,0,60,68,425,266,248,127,112,122,112,120,112,115,170,175,176,115,110,86,86,62,74,68,88,76,82,72,100,118,160,144,220,203,425,279,325,319,550,550,854,372,451,156,516,483,929,237,648,640,618,589,568,308,315,314,292,195,362,333,332,318,317,377,381,370,331,360,363,245,322,331,297,309,281,260,277,264,285,287,277,239,395,395,395,395,383,241,210,0,383,383,350,70,70,71,70,0,70,0,35,8,8,0,0]} 1. e4 g6 2. d4 Bg7 3. Nc3 c6 4. Nf3 d6 5. Be3 Nd7 6. Qd2 b5 7. h3 {B06: Modern Defence} (7. Bd3 Ngf6 8. h3 O-O 9. O-O e5 10. dxe5 dxe5 11. Ne2 Nh5 12. a4 bxa4 13. Rxa4 Nb6 14. Ra5 f5 15. Nxe5 fxe4 16. Bxe4 Qc7 17. Bxb6 Qxb6 18. Bxc6 Ba6 19. Rxa6 Qxa6 20. Bxa8 Kh8 21. Qd5 Nf6 22. Nf7+ Kg8 23. Nh6+ Kh8 24. Nf7+ Kg8 {½-½ (24) Ponomariov,R (2764)-Efimenko,Z (2706) Khanty-Mansiysk 2011}) 7... Qc7 8. Bd3 Bb7 9. O-O {White is slightly better.} Ngf6 10. Bh6 O-O 11. Bxg7 Kxg7 12. a3 (12. Qe3 $5 {[%cal Re4e5]}) 12... a6 13. Rfe1 e5 14. Rad1 Rfe8 15. Bf1 Rad8 16. Re3 $146 ({Predecessor:} 16. Bd3 Nb6 17. Qc1 h6 18. dxe5 dxe5 {1-0 (60) Markidis,K (2350)-Batzilis,D Thessaloniki 2001}) 16... c5 17. d5 $1 Nb6 18. b3 Bc8 19. Ne2 Bd7 20. Ng3 a5 21. Ree1 h6 22. Nh4 a4 {[#]} (22... c4 $11) 23. Bxb5 $1 $16 {[%mdl 512]} Ng8 (23... Bxb5 24. Nhf5+ $1 {[%mdl 512]} Kg8 25. Qxh6 gxf5 26. Nxf5 Nh5 27. Qg5+ Kh8 28. Qxh5+ Kg8 29. Qg5+ Kh8 30. Qg7#) 24. Bxd7 Rxd7 25. bxa4 Ra8 26. a5 Nc8 27. f4 Qxa5 28. Qf2 c4 29. Kh2 Qb6 30. Qf3 (30. Qxb6 $16 Nxb6 31. fxe5) 30... Qd8 $11 31. Qg4 Rxa3 32. fxe5 (32. Re3 $5 Raa7 33. Rc3 $14) 32... dxe5 33. Rf1 Ra6 (33... Kh7 $11) 34. d6 $14 Qe8 $2 {[%mdl 8192]} (34... Nxd6 35. Ngf5+ (35. Rxf7+ Rxf7 36. Ngf5+ Rxf5 $17) 35... Nxf5 36. Nxf5+ Kf8 37. Nxh6 $1 $16 {[%mdl 512]}) (34... Kh8 $14) 35. Nh5+ Kh7 {[#]} (35... Kh8 $2 36. Rxf7 $1 {[%mdl 512]} Qxf7 37. Nxg6+ Qxg6 38. Qxg6 $18) 36. Nxg6 (36. Rxf7+ $1 $18 {[%mdl 512]} Qxf7 (36... Rxf7 37. Qxg6+) 37. Nxg6 $1 {[%mdl 512]} Raxd6 38. Nxe5) 36... fxg6 $16 {[#]} 37. Rf8 $1 {[%cal Rf8e8][%mdl 512]} Qxf8 38. Qxd7+ Nce7 39. Ng3 $1 {Rf1 is the strong threat.} Qf6 (39... Ra8 $16 40. dxe7 Qxe7) 40. dxe7 $18 Nxe7 41. Rf1 (41. Nf1 $18) 41... Qg7 $16 42. Rb1 Ng8 43. Qd5 {Hoping for Rb7.} Ra7 44. Qxc4 Rc7 45. Qd3 $36 {[%mdl 2048] Black is under strong pressure.} h5 46. Ne2 Rd7 47. Qe3 Qh6 {[#]} 48. Qg3 $1 Qd2 (48... Qg7 $16 49. Rb5 Nf6) 49. Rb6 $18 Ne7 $2 (49... Rg7) 50. Ng1 Qd4 51. Rf6 {Threatens to win with Nf3.} Qxe4 $2 (51... Kg7 52. Nf3 Kxf6 53. Nxd4 Rxd4 54. Qf3+ Kg7) 52. Nf3 {White threatens Ng5+ and mate.} h4 53. Nxh4 (53. Qf2 $142 {White wants to mate with Ng5+.} Kh6 54. Rf7) 53... Kg7 54. Re6 $2 (54. Qg5 $18 {is more deadly.}) 54... Kf7 $2 (54... Qf4 $16 {is a better chance.} 55. Rxe5 Qxg3+ 56. Kxg3 Rc7) 55. Nf3 {Ng5+ would kill now.} ({Less strong is} 55. Rxe5 Qxc2 56. Nf3 Nf5 $18) 55... Qxc2 (55... Kg7 $142 56. Nxe5 Qf5) 56. Ng5+ $2 (56. Ra6 Qc8 57. Nxe5+ Kg7 58. Rb6) 56... Ke8 $2 (56... Kg8 57. Nf3 (57. Rxe5 Qc7 $16) 57... Qf5 58. Qxe5 Qxe5+ 59. Nxe5 Ra7) 57. Rxe5 Rd5 58. Re1 Kd7 59. Nf3 Nc6 60. Qh4 Qf5 61. Re4 Kc7 $2 (61... g5 62. Qe1 Qf6) 62. Rg4 Rd6 63. Qg3 Kd7 64. Nh4 Qe5 65. Nxg6 Qxg3+ 66. Rxg3 {[%mdl 4096] Endgame KRN-KRN} ({But not} 66. Kxg3 Ke6 $18) 66... Ke6 67. Nf4+ Kf5 68. Rd3 Rh6 69. Ne2 Ne5 70. Rd4 Ra6 71. Ng3+ Ke6 72. h4 {[%cal Bh3h4,Bh4h5][%mdl 32]} Ra3 73. h5 Kf6 $2 (73... Nd7 74. Re4+ Kd5) 74. Rf4+ Kg7 75. Nf5+ Kf6 {and the idea ...Kg5 leaves Black hopeful.} 76. Ne3+ Kg7 {[#]} 77. Nf5+ $2 (77. Nd5 $1) 77... Kf6 {If Black can now play ...Kg5 this consolidates a bit.} 78. Nd4+ Kg7 {Now ...Kh6 and Black clings on.} 79. Ne6+ $2 (79. Nf3 $18 Re3 80. Nxe5 Rxe5 81. g4) 79... Kh6 $14 80. Rf6+ Kh7 81. Rf4 {Black must now prevent Re4.} Kh6 $1 82. Nd4 ({Better is} 82. Re4 $14 Ra5 83. Rh4) 82... Rd3 83. Nf3 (83. Re4 $5 {[%cal Rd4f5]} Nd7 84. Rh4 $16) 83... Nxf3+ 84. Rxf3 Rxf3 {Precision: White = 59%, Black = 40%.} 1/2-1/2

[Event "Top 12 FRA-chT 2017"]
[Site "Chartres"]
[Date "2017.05.27"]
[Round "10"]
[White "Solodovnichenko, Yuri"]
[Black "David, Alberto"]
[Result "0-1"]
[WhiteElo "2576"]
[BlackElo "2548"]
[Annotator "TA"]
[PlyCount "112"]
[EventDate "2017.??.??"]
[EventType "team-tourn"]
[EventCountry "FRA"]
[SourceTitle "playchess.com"]
[Source "ChessBase"]
[SourceQuality "1"]
[WhiteTeam "Vandoeuvre"]
[BlackTeam "Saint Quentin"]

{[%evp 14,112,7,8,43,10,20,21,31,35,37,23,42,27,44,16,16,19,18,18,14,15,35,27,34,30,29,22,19,8,41,40,40,40,40,40,47,36,44,39,32,17,22,0,0,0,0,0,0,0,0,0,0,0,0,0,0,-47,-35,-39,-40,-37,-41,-31,-34,-238,-235,-228,-225,-213,-156,-230,-218,-229,-229,-483,-467,-540,-535,-528,-528,-512,-510,-502,-442,-521,-466,-958,-1392,-12840,-12841,-12841,-12841,-12842,-12842,-12843,-12843,-12843,-12843,-12843,-12842]} 1. e4 e6 2. d4 d5 3. Nc3 Nf6 4. Bg5 Bb4 5. Nge2 dxe4 6. a3 Be7 7. Bxf6 Bxf6 8. Nxe4 {LiveBook: 59 Games} e5 {C12: French: Classical System: McCutcheon Variation} 9. g3 O-O {[%cal Re5d4]} 10. Bg2 exd4 {The position is equal.} 11. Nxf6+ Qxf6 12. Qxd4 Qe7 13. Qb4 $146 (13. Qc4 {keeps more tension.} Qf6 14. O-O c6 15. Nd4 Na6 16. c3) ({Predecessor:} 13. Qe4 Qxe4 14. Bxe4 Nd7 15. O-O-O Nf6 16. Bg2 Bg4 17. Rd2 Rad8 18. Nc3 c6 {½-½ (18) Kuijf,M (2370)-Ree,H (2490) Amsterdam 1982}) 13... c5 14. Qe4 (14. Qc4 {feels hotter.} Be6 15. Qe4 Re8 16. Qxb7 Nd7 17. O-O) 14... Qxe4 $1 15. Bxe4 Nd7 16. O-O-O Nf6 17. Bg2 Ng4 18. Rdf1 Rb8 19. h3 Nf6 20. g4 h6 21. f4 {[%cal Bf2f4,Bf4f5][%mdl 32]} Be6 22. Nc3 b5 23. f5 Bc4 24. Rf4 {Threatens to win with b3.} Rfd8 25. b3 Bd5 $1 {[%cal Rd5g2]} 26. Nxd5 Nxd5 27. Re4 Nc3 28. Re5 c4 {Strongly threatening ...cxb3.} 29. Re3 b4 $1 30. axb4 Na2+ 31. Kb2 Nxb4 32. Bf3 cxb3 33. Rxb3 Rd2 34. Kb1 $1 Rb6 35. Rd1 Nxc2 36. Rxb6 Na3+ 37. Ka1 Rxd1+ 38. Bxd1 axb6 $15 {[%mdl 4096] Endgame KB-KN} 39. Kb2 $2 ({Only move:} 39. Be2 $1 $15 Nc2+ 40. Kb2) 39... Nb5 $1 $19 40. Kb3 Nc7 41. Kc4 Kf8 42. Kd4 (42. f6 $17) 42... Ke7 43. Bb3 {[#]} f6 $1 44. h4 $2 (44. Bc4 {was necessary.}) 44... Kd6 {Black is clearly winning.} 45. Bc4 b5 {[%cal Bb6b5,Bb5b4][%mdl 32]} 46. Be2 b4 47. Bc4 Na8 48. Ba2 {[#]} Nb6 $1 {[%cal Rb6d7]} 49. Ke4 Nd7 50. Kf4 (50. Kd4 $142 Ne5 51. Bb3) 50... Nc5 51. g5 hxg5+ 52. hxg5 b3 53. Bb1 Na4 54. Kg4 Nc3 55. Bd3 Ke5 56. Kh5 Ne4 {Precision: White = 43%, Black = 75%.} 0-1

[Event "Top 12 FRA-chT 2017"]
[Site "Chartres"]
[Date "2017.05.27"]
[Round "10"]
[White "Sumets, Andrey"]
[Black "Bailet, Pierre"]
[Result "1/2-1/2"]
[WhiteElo "2566"]
[BlackElo "2519"]
[Annotator "TA"]
[PlyCount "57"]
[EventDate "2017.??.??"]
[EventType "team-tourn"]
[EventCountry "FRA"]
[SourceTitle "playchess.com"]
[Source "ChessBase"]
[SourceQuality "1"]
[WhiteTeam "Saint Quentin"]
[BlackTeam "Vandoeuvre"]

{[%evp 18,57,32,2,2,2,10,4,2,2,0,0,0,0,22,2,47,12,13,12,22,21,21,21,23,18,23,20,27,14,22,21,23,22,22,19,23,0,0,0,0,0]} 1. d4 d5 2. c4 c6 3. Nc3 Nf6 4. e3 Bf5 5. Nf3 e6 6. Nh4 Bg6 7. Nxg6 hxg6 8. g3 {D12: Slav Defence: 3 Nf3 Nf6 4 e3 Bf5} Nbd7 9. Bd2 Be7 10. Qe2 {LiveBook: 4 Games. White is slightly better.} dxc4 11. Qxc4 e5 12. Bg2 Nb6 13. Qd3 {[#]} exd4 $146 ({Predecessor:} 13... O-O 14. Ne2 exd4 15. Qxd4 Nfd5 {½-½ (45) Karpov,A (2687)-Gelfand,B (2710) Moscow 2002}) 14. exd4 O-O 15. O-O Nfd5 16. a3 Bg5 17. Rad1 (17. Nxd5 {is more complex.} Nxd5 18. Bxg5 Qxg5 19. Qb3 Nb6 20. a4) 17... Bxd2 18. Rxd2 Qc7 (18... Re8 {with more complications.} 19. Nxd5 Nxd5 20. Qb3 Qd7 21. h4 a5) 19. Nxd5 Nxd5 20. Bxd5 cxd5 21. Rc2 Qd7 22. Rfc1 Rac8 23. Qb3 Rxc2 24. Qxc2 $11 {KQR-KQR} Re8 25. Qc7 Qa4 26. Qxb7 Qxd4 27. Rc8 (27. Qc6 $5 {[%cal Rc6e8]} Re6 28. Qc3 Qxc3 29. Rxc3 $14) 27... Rxc8 28. Qxc8+ Kh7 29. Qh3+ {Precision: White = 33%, Black = 70%.} 1/2-1/2

[Event "Top 12 FRA-chT 2017"]
[Site "Chartres"]
[Date "2017.05.27"]
[Round "10"]
[White "Donchenko, Alexander"]
[Black "Neiksans, Arturs"]
[Result "1/2-1/2"]
[WhiteElo "2563"]
[BlackElo "2599"]
[Annotator "TA"]
[PlyCount "120"]
[EventDate "2017.??.??"]
[EventType "team-tourn"]
[EventCountry "FRA"]
[SourceTitle "playchess.com"]
[Source "ChessBase"]
[SourceQuality "1"]
[WhiteTeam "Vandoeuvre"]
[BlackTeam "Saint Quentin"]

{[%evp 24,120,7,0,0,0,9,5,11,7,6,1,15,3,0,0,0,0,4,0,12,8,12,12,8,4,14,18,23,27,27,26,27,23,20,15,37,31,31,30,47,32,31,32,17,21,33,20,34,23,25,18,22,15,22,16,16,0,31,24,25,25,31,29,29,29,27,23,26,23,22,20,22,22,22,20,31,22,29,23,45,27,34,34,38,21,34,28,39,0,0,0,0,-7,0,0,0,0,0]} 1. d4 Nf6 2. c4 e6 3. g3 d5 4. Bg2 Bb4+ 5. Bd2 Be7 6. Nf3 O-O 7. O-O c6 8. Qc2 Nbd7 9. Bf4 b6 10. Rd1 Bb7 11. Ne5 Nh5 12. Bd2 Nhf6 13. Bf4 Nh5 {E08: Closed Catalan: Main Line: 7 Qc2} 14. Bd2 Nhf6 15. cxd5 cxd5 16. Nc6 Bxc6 17. Qxc6 Qc8 18. Qa4 Qb7 19. Nc3 {[%cal Bb1c3,Bc3e2,Be2c1,Bc1d3][%mdl 32]} Rac8 20. e3 a6 {[#]} 21. Rdc1 $146 ({Predecessor:} 21. Qb3) 21... Rc7 22. Ne2 Rfc8 23. Rxc7 Rxc7 24. Rc1 Rxc1+ 25. Nxc1 Qc8 26. Nd3 Ne4 27. Be1 g6 28. Bf1 Kg7 29. Kg2 Bf8 30. Be2 Be7 31. Qd1 Kg8 32. Nb4 Nb8 33. Qa4 {[%cal Re2a6]} a5 34. Nd3 Nd7 35. Qd1 Kg7 36. Bf1 (36. f3 $5 {[%cal Rf3e4]} Nd6 37. g4 $11) 36... Kg8 37. Nc1 Qc6 38. Ne2 Kg7 39. Qb3 (39. Qc1 $5 {[%cal Rc1c6]} Qb7 40. f3 $14) 39... Ndf6 40. Qd1 Kg8 (40... Nd7 {with more complications.}) 41. Qc1 Qxc1 42. Nxc1 Nd6 43. Kf3 Nd7 44. Ke2 Nb8 45. Kd1 Nc6 46. Kc2 Kf8 47. Ne2 Ke8 48. Nc3 Kd7 49. a3 Bf8 50. f3 Bg7 51. Bf2 Kc7 52. Kd3 Ne7 53. g4 Kc6 54. Bh4 Nec8 55. Bg3 Nc4 56. Nd1 b5 {The position is equal.} 57. Be1 a4 58. e4 N8b6 59. Bc3 Bh6 60. h4 Kb7 {Precision: White = 65%, Black = 53%.} 1/2-1/2

[Event "Top 12 FRA-chT 2017"]
[Site "Chartres"]
[Date "2017.05.27"]
[Round "10"]
[White "Dorfman, Iossif"]
[Black "Sanikidze, Tornike"]
[Result "1/2-1/2"]
[WhiteElo "2560"]
[BlackElo "2518"]
[Annotator "TA"]
[PlyCount "29"]
[EventDate "2017.??.??"]
[EventType "team-tourn"]
[EventCountry "FRA"]
[SourceTitle "playchess.com"]
[Source "ChessBase"]
[SourceQuality "1"]
[WhiteTeam "Grasse Echecs"]
[BlackTeam "Strasbourg"]

{[%evp 16,29,39,44,30,24,20,21,17,0,8,9,30,25,22,6]} 1. d4 f5 2. g3 Nf6 3. Bg2 g6 4. Nf3 Bg7 5. O-O O-O 6. c4 d6 7. Nc3 e6 8. b3 Ne4 {A87: Dutch Defence: Leningrad System: 5 Nf3} (8... Qe7 9. Ba3 Nc6 10. Rc1 Ne4 11. Nxe4 fxe4 12. Nd2 Bxd4 13. Nxe4 Bg7 14. e3 Bd7 15. h4 Qf7 16. Ng5 {1-0 (60) Korobov,A (2680)-Sandipan,C (2594) Dubai 2014}) 9. Bb2 {LiveBook: 8 Games} b6 10. Qc2 Bb7 {White has an edge.} 11. Nd2 $146 {[%cal Rd2e4]} ({Predecessor:} 11. Rfd1 Nd7 12. Rac1 Qe7 13. Ne1 Ndf6 14. Nd3 c5 15. dxc5 bxc5 16. f3 Nxc3 17. Bxc3 {½-½ (35) Holm,K (2330)-Harika,D (2496) Caleta 2015}) 11... d5 12. Rfd1 ({Reject} 12. Bxe4 dxe4 13. e3 c5 $15) 12... Nd7 13. e3 a5 14. Rac1 c6 15. f4 1/2-1/2

[Event "Top 12 FRA-chT 2017"]
[Site "Chartres"]
[Date "2017.05.27"]
[Round "10"]
[White "Rambaldi, Francesco"]
[Black "Pelletier, Yannick"]
[Result "1/2-1/2"]
[WhiteElo "2542"]
[BlackElo "2543"]
[Annotator "TA"]
[PlyCount "59"]
[EventDate "2017.??.??"]
[EventType "team-tourn"]
[EventCountry "FRA"]
[SourceTitle "playchess.com"]
[Source "ChessBase"]
[SourceQuality "1"]
[WhiteTeam "Nice Alekhine"]
[BlackTeam "Bischwiller"]

{[%evp 12,59,6,2,13,4,4,4,14,11,11,10,25,25,27,24,30,27,23,31,31,32,38,31,39,39,40,41,51,46,38,39,39,38,46,35,56,13,14,0,0,0,0,0,0,0,0,0,0,-15]} 1. d4 Nf6 2. c4 e6 3. Nc3 Bb4 4. e3 O-O 5. Bd3 c5 6. Nf3 d5 7. cxd5 exd5 {E53: Nimzo-Indian: Rubinstein: Main Line (4...0-0 5 Nf3 d5 6 Bd3 c5 7 0-0)} 8. dxc5 Nbd7 9. Bd2 Nxc5 10. Be2 Ba5 11. O-O Nce4 12. Nxe4 dxe4 13. Bxa5 $146 ({Predecessor:} 13. Nd4 Bxd2 14. Qxd2 Bg4 15. h3 Bxe2 16. Qxe2 {0-1 (37) Le,Q (2697)-So,W (2760) Baku 2015}) 13... Qxa5 14. Nd4 Qg5 {Hoping for ...Bh3.} 15. Kh1 Bg4 16. Bxg4 Nxg4 17. h3 Ne5 18. Qb3 Nd3 19. Qxb7 Nxf2+ 20. Rxf2 Qxe3 21. Rxf7 Qxd4 22. Raf1 Rfb8 23. Qc6 h6 $1 24. Qe6 {[#] Intending Rxg7+! and mate.} Kh8 {The position is equal.} 25. R1f6 {White wants to mate with Rxh6+!} (25. Qg6 $5 {[%cal Rf1f6]} Qxb2 26. Qxe4 $14) 25... Rb6 26. Rf8+ Rxf8 27. Rxf8+ Kh7 28. Qg8+ Kg6 29. Rd8 Qe5 30. Rd5 {Precision: White = 76%, Black = 92%.} 1/2-1/2